000
00208nam a22000977a 4500
999
_c
15993
_d
15993
003
OSt
008
191025b ||||| |||| 00| 0 eng d
100
_a
Madhavikutty.
_9
242
245
_a
Tharisu nilam
942
_c
BK